000 01051nam a22003737a 4500
001 BR8905529
003 BR-BrBNA
005 20230928093332.0
007 ta
008 230509b bl.||||| |||| 00| 0 por d
040 _aBR-BrBNA
_bpor
_cBiblioteca Nacional de Agricultura
041 _a(Por)
072 _aA50; F30
_b1235
_b1000
_b1123
_b1112
_b/G514
090 _ 1235 BR8905529
100 1 _aRamos, J.W.
110 1 _aCentro de Pesquisas do Cacau, Ilheus, BA (Brasil)
_91631
245 1 _aDiversificacao agropecuaria. Programa Regional de Pesquisa: fruteiras
260 3 _aIlheus, BA (Brasil):
_c[nd].
300 _a17 p.
500 _aPublished 1986?
650 _aMACADAMIA
650 _aFRUTA CITRICA
650 _aMARACUJA
650 _aBANANA
650 _aPROGRAMA DE PESQUISA
650 _aPOLITICA DE PESQUISA
650 _aSELECAO GENETICA
650 _aVARIEDADE RESISTENTE
650 _aACLIMATACAO
650 _aINTRODUCAO DE PLANTA
650 _aBAHIA
909 _a202309
_bLucia
_c55
_dLucia Elande
942 _cBK
999 _c44383
_d44383